[Event "Foment Martinenc op-A 22nd"]
[Site "Barcelona"]
[Date "2022.05.28"]
[Round "6"]
[White "Reyes Lopez, Daniel"]
[Black "Torres Teruel, Joan"]
[Result "0-1"]
[WhiteElo "1977"]
[BlackElo "1588"]
[PlyCount "76"]
[EventDate "2022.04.23"]
[EventType "swiss"]
[EventRounds "9"]
[EventCountry "ESP"]
[SourceTitle "EXT 2023"]
[Source "ChessBase"]
[SourceDate "2022.10.05"]
[SourceVersion "1"]
[SourceVersionDate "2022.10.05"]
[SourceQuality "1"]

1. e4 c5 2. b4 cxb4 3. d4 d5 4. e5 e6 5. Bd3 Nc6 6. Ne2 Qb6 7. 0-0 Bd7 8. Be3 Be7 9. a3 bxa3 10. Nxa3 a6 11. c4 Nb4 12. c5 Qd8 13. Bb1 b6 14. cxb6 Qxb6 15. Ng3 Bf8 16. f4 Nh6 17. f5 Nxf5 18. Bxf5 exf5 19. Nxf5 Qg6 20. Ng3 Be7 21. Qd2 0-0 22. Ne2 Rac8 23. Nf4 Qe4 24. Rae1 Nc2 25. Nxd5 Bxa3 26. Nb6 Bb4 27. Qf2 Bxe1 28. Rxe1 Nxe1 29. Nxd7 Qxg2+ 30. Qxg2 Nxg2 31. Kxg2 Rfe8 32. Kf3 a5 33. Ke4 f6 34. Nb6 Rc6 35. Nd5 fxe5 36. dxe5 a4 37. Bd4 a3 38. Nb4 Rc4 0-1

[Event "Barcelona La Lira op 12th"]
[Site "Barcelona"]
[Date "2019.05.02"]
[Round "4"]
[White "Ortiz Padro, Pol"]
[Black "Torres Teruel, Joan"]
[Result "1-0"]
[WhiteElo "1647"]
[BlackElo "1479"]
[PlyCount "65"]
[EventDate "2019.04.04"]
[EventType "swiss"]
[EventRounds "9"]
[EventCountry "ESP"]
[SourceTitle "CBM 190 Extra"]
[Source "ChessBase"]
[SourceDate "2019.07.15"]
[SourceVersion "1"]
[SourceVersionDate "2019.07.15"]
[SourceQuality "1"]

1. e4 c5 2. Nc3 e6 3. g3 Nc6 4. Bg2 Nge7 5. d3 g6 6. Be3 Nd4 7. Nce2 Nec6 8. c3 Nb5 9. Qd2 Qe7 10. f4 f5 11. Nf3 Bg7 12. 0-0 b6 13. e5 Bb7 14. a4 Nc7 15. d4 cxd4 16. Nexd4 Nd5 17. Nb5 Nxe3 18. Qxe3 0-0 19. Nd6 Ba6 20. Rfd1 Na5 21. Nd4 Rad8 22. N4b5 Nb3 23. Ra3 Nc5 24. b4 Ne4 25. Nxe4 Bxb5 26. axb5 fxe4 27. Rxa7 Rf7 28. Bxe4 Qe8 29. Qxb6 Rb8 30. Qxb8 Qxb8 31. Ra8 Qxa8 32. Bxa8 Bf8 33. b6 1-0